[Event "Guadalajara Peoneros op 5th"]
[Site "Guadalajara"]
[Date "2022.08.20"]
[Round "1"]
[White "Zavaleta Jacinto, Santiago"]
[Black "Gallegos Aguirre, Jose Pablo"]
[Result "1/2-1/2"]
[WhiteElo "1278"]
[BlackElo "1569"]
[PlyCount "93"]
[EventDate "2022.08.20"]
[EventType "swiss"]
[EventRounds "5"]
[EventCountry "MEX"]
[SourceTitle "EXT 2023"]
[Source "ChessBase"]
[SourceDate "2022.10.05"]
[SourceVersion "1"]
[SourceVersionDate "2022.10.05"]
[SourceQuality "1"]

1. e4 d5 2. exd5 Nf6 3. d4 Nxd5 4. c4 Nf6 5. Nf3 Bf5 6. Bd3 Bg6 7. Bxg6 hxg6 8. Nc3 e6 9. Be3 Ng4 10. Qd2 Nxe3 11. fxe3 Nd7 12. 0-0-0 Nf6 13. h3 Bb4 14. Rdf1 Ne4 15. Qe1 Qd6 16. Nxe4 Qc6 17. Qxb4 Qxe4 18. Qa4+ c6 19. Qc2 Qxe3+ 20. Qd2 Qe4 21. Ng5 Qh4 22. Qf4 Qxf4+ 23. Rxf4 0-0 24. Rhf1 Rad8 25. Kc2 Rde8 26. Rxf7 Rxf7 27. Rxf7 e5 28. dxe5 Rxe5 29. h4 Rxg5 30. hxg5 Kxf7 31. Kd3 Ke6 32. Ke4 a6 33. b4 b6 34. a4 a5 35. c5 axb4 36. cxb6 Kd6 37. a5 c5 38. a6 Kc6 39. a7 Kb7 40. Kd3 b3 41. Kc3 c4 42. Kb2 Ka8 43. g4 Kb7 44. Kc3 Ka8 45. Kb2 Kb7 46. Kc3 Ka8 47. Kb2 1/2-1/2